| 000 | 00432nam a2200169Ia 4500 | ||
|---|---|---|---|
| 005 | 20251226152227.0 | ||
| 008 | 251226s9999 xx 000 0 und d | ||
| 020 |
_a9781509929177 _qpbk |
||
| 082 |
_a346.08 _bGUL |
||
| 100 | _aGullifer, Louise | ||
| 245 | 0 |
_aCorporate Finance Law / _cLouise Gullifer |
|
| 250 | _aFirst edition | ||
| 260 |
_bHart Publishing, _c2020 |
||
| 300 | _a1000 Pages | ||
| 650 | _aLaw | ||
| 942 | _cENGLISH | ||
| 999 |
_c605469 _d605469 |
||